Missing Word: Movies EA - EZ Quiz Stats

 Plays Quiz Updated Feb 24, 2020

Support Sporcle.
Go Orange.
Score 0/21 Timer 04:00
0 Plays Today
Movie Answer % Correct
Escape from New ___ (Y)York
94.6%
(The) Eagle Has ___ (L)Landed
94.2%
Evan ___ (A)Almighty
93.1%
(The) Elephant ___ (M)Man
92.8%
Edward ___ (S)Scissorhands
92.2%
Ender's ___ (G)Game
91.2%
E.T.: (The) Extra-___ (T)Terrestrial
88.2%
Easy ___ (R)Rider
87%
Eagle ___ (E)Eye
82.7%
Erin ___ (B)Brockovich
81.7%
Ernest Goes to ___ (J)Jail
78.5%
Movie Answer % Correct
Ed ___ (W)Wood
74.9%
(The) Evil ___ (D)Dead
72%
Eight Men ___ (O)Out
70.4%
Eight Legged ___ (F)Freaks
65.6%
Eastern ___ (P)Promises
36.7%
Eye of the ___ (N)Needle
36.4%
Escape to ___ (V)Victory
30.1%
Everything Is ___ (I)Illuminated
20.7%
Exorcist II: The ___ (H)Heretic
18.6%
(The) Emperor's ___ (C)Club
12.3%

Today's Daily Dose

Missing Word
Inventors

Word Ladder
Feud Chain

Get the Picture
Domestic Movie Titles

From the Vault

Colombia's Borders

by Wrhodarmer

Geography 30s
These countries all have easy access to good coffee.
Remove Ads.
Support Sporcle.
Get the best of Sporcle when you Go Orange. This ad-free experience offers more features, more stats, and more fun while also helping to support Sporcle. Thank you for becoming a member.

Show Comments

Extras

Top Quizzes Today


Score Distribution

Your Account Isn't Verified!

In order to create a playlist on Sporcle, you need to verify the email address you used during registration. Go to your Sporcle Settings to finish the process.

Report this User

Report this user for behavior that violates our Community Guidelines.

Details: